00676nam a2200169Ia 4500003000900000008004100009020001800050040001600068080001300084111008000097245021600177260003700393300001500430650001700445700002300462700002100485IN-BaIIA211028s9999 xx 000 0 eng d a0-7923-3899-5 cIIA Library a524bMIL aInternational Conference on Shocks in AstrophysicscEnglandd1995 Jan. 9-12 0aShocks in astrophysicsbproceedings of the International conference held at UMIST, Manchester, England from January 9-12, 1995cedited by T. J. Millar and A. C. Raga  aDordrechtbKluwer Academicc1995 aiix, 336p. aAstrophysics aMillar, T. J., ed. aRaga, A. C., ed.